000 00807nam a2200181 a 4500
008 070627s1999 ||||||||||||||||| || u
050 _aIBRD(08)WP
100 _aMulkeen, Aidan
245 1 0 _aRecruiting, retaining, and retraining secondary school teachers and principles in Sub-Saharan Africa
260 _aWashington, D. C.
_bWorld Bank
_c1999
300 _axvi, 75p.:ill.
350 _a0.00
490 _aWorld Bank Working Papers
650 0 _aEDUCATIONAL TESTS AND MEASUREMENTS
650 _aRECRUITING TEACHERS--EDUCATION--AFRICA, SUB-SAHARAN : RETAINING TEACHERS--EDUCATION--AFRICA, SUB-SAHARAN
700 _a[and others]
995 _D0.00
_FCBU-MAIN LIBRARY (Kitwe)
_H1
_I0.00
_M1
_UAVAILABLE
_WJun 27, 2007
_ZInternational Publications
999 _c55784
_d55784